| 000 | 00729nam a2200241 a 4500 | ||
|---|---|---|---|
| 001 | 000023279 | ||
| 005 | 20200930022116.0 | ||
| 008 | 101201s1994 pe r 000 0 spa d | ||
| 020 | _a8483896001 | ||
| 020 | _a8483896060 | ||
| 040 |
_aDO-SdBNP _bspa _cBNPHU |
||
| 082 |
_a923.185 _bC352C |
||
| 100 | 1 |
_aCayo Córdova, Percy _947936 |
|
| 245 | 1 | 0 |
_aRamón Castilla / _cPercy Cayo Córdova. |
| 260 |
_aLima, Perú : _bBrasa, _c1994. |
||
| 300 |
_a124 p. ; _c20 cm. |
||
| 490 | 1 |
_aForjadores del Perú ; _v6 |
|
| 500 | _aIncluye bibliografía | ||
| 600 | 1 | 0 |
_aCASTILLA Y MARQUESADO, RAMÓN, _d1797-1867 _947937 |
| 650 | 4 |
_aPresidentes _zPerú _xBiografías _947938 |
|
| 830 | 0 |
_aForjadores del Perú ; _n6 _947939 |
|
| 049 | _aBNGR | ||
| 999 |
_c22776 _d22776 |
||